[Event "ROM-ch U12"]
[Site "Calimanesti"]
[Date "2014.04.08"]
[Round "3"]
[White "Berechet, Stefan Mario"]
[Black "George, Lucas Kian"]
[Result "1-0"]
[WhiteElo "1504"]
[BlackElo "1005"]
[PlyCount "74"]
[EventDate "2014.04.06"]
[EventType "swiss"]
[EventRounds "9"]
[EventCountry "ROU"]
[SourceTitle "CBM 160 Extra"]
[Source "ChessBase"]
[SourceDate "2014.07.01"]
[SourceVersion "1"]
[SourceVersionDate "2014.07.01"]
[SourceQuality "1"]

1. c4 c5 2. e3 e5 3. Nc3 Nf6 4. g3 Ng4 5. Qxg4 d6 6. Qd1 h5 7. Bg2 Bg4 8. f3 Be6 9. d3 d5 10. cxd5 Bxd5 11. e4 Be6 12. Be3 Na6 13. Nge2 h4 14. Qd2 hxg3 15. Nxg3 Be7 16. 0-0-0 0-0 17. Nf5 Bf6 18. h4 Nb4 19. Bxc5 Nxa2+ 20. Nxa2 Re8 21. Nc3 Qa5 22. Ba3 b5 23. Kb1 b4 24. Nd5 Rab8 25. Nd6 Red8 26. Nc4 Qa4 27. Qc2 b3 28. Qc3 Bxd5 29. exd5 Rxd5 30. Qd2 Rc8 31. Qb4 Qxb4 32. Bxb4 Rb8 33. f4 Rxb4 34. Bxd5 exf4 35. Rhf1 Ra4 36. Rxf4 Bxh4 37. Rxf7 Kh8 1-0